书目信息 |
| 题名: |
恩格斯 家庭、私有制和国家的起源 第三版
|
|
| 作者: | 恩格斯 , 恩格斯 著 | |
| 分册: | ||
| 出版信息: | 北京 人民出版社 1999.08 |
|
| 页数: | 233页 | |
| 开本: | 32开 | |
| 丛书名: | ||
| 单 册: | ||
| 中图分类: | A124 | |
| 科图分类: | ||
| 主题词: | 马恩著作--单行本 | |
| 电子资源: | ||
| ISBN: | 7-01-002972-5 | |
| 000 | 00760nam0 2200205 45 | |
| 001 | 0008141545 | |
| 005 | 20000908181730.7 | |
| 010 | @a7-01-002972-5@d12.00元 | |
| 100 | @a20000814d1999 km y0chiy0120 ea | |
| 101 | 0 | @achi |
| 105 | @a z 000yy | |
| 200 | 1 | @a恩格斯 家庭、私有制和国家的起源 第三版@AEn Ge Si Jia Ting、Si You Zhi He Guo Jia De Qi Yuan Di San Ban@f(德)恩格斯著;中共中央马克思恩格斯列宁斯大林著作编译局译@F(De)En Ge Si Zhu;Zhong Gong Zhong Yang Ma KeSi EnGe Si Lie Ning Si Da Lin Zhu Zuo Bian Yi Ju Yi |
| 210 | @a北京@c人民出版社@d1999.08 | |
| 215 | @a233页@d32开 | |
| 606 | 0 | @a马恩著作@x单行本 |
| 690 | @aA124@v3 | |
| 701 | 0 | @a恩格斯@4著 |
| 701 | 0 | @a恩格斯@4著 |
| 801 | @aCN@bPftUser@c20000814 | |
| 905 | @dA124@eE757=3@b128743-747@f5 | |
| 恩格斯 家庭、私有制和国家的起源 第三版/(德)恩格斯著;中共中央马克思恩格斯列宁斯大林著作编译局译.-北京:人民出版社,1999.08 |
| 233页;32开 |
| ISBN 7-01-002972-5:12.00元 |
| ● |
| 相关链接 |
|
|
|
正题名:恩格斯家庭、私有制和国家的起源第三版
索取号:A124/E757=3
 
预约/预借
| 序号 | 登录号 | 条形码 | 馆藏地/架位号 | 状态 | 备注 |
| 1 | 128743 | 201287437 | 社科库509/509社科库 1排2列2层/ [索取号:A124/E757=3] | 在馆 | |
| 2 | 128745 | 201287455 | 法学院资料室/ [索取号:A124/E757=3] | 在馆 | |
| 3 | 128746 | 201287464 | 社科库509/509社科库 1排2列2层/ [索取号:A124/E757=3] | 在馆 | |
| 4 | 128747 | 201287473 | 社科库509/509社科库 1排2列2层/ [索取号:A124/E757=3] | 在馆 |